000 00458nam a2200193Ia 4500
008 170918s9999 xx 000 0 und d
020 _a9780439734318
050 _bB852 1985
100 _aBridwell, Norman
245 _aClifford the big red dog /
245 _cNorman Bridwell.
260 _aNew York :
260 _bScholastic,
260 _c1985
300 _aunpaged :
300 _bcolored illustration ;
300 _c21cm.
500 _a220
999 _c342557
_d342557